Intermediate accounting / (Record no. 21070)
[ view plain ]
| 000 -LEADER | |
|---|---|
| fixed length control field | 01053cam a22003015a 4500 |
| 001 - CONTROL NUMBER | |
| control field | 016453795 |
| 003 - CONTROL NUMBER IDENTIFIER | |
| control field | OSt |
| 005 - DATE AND TIME OF LATEST TRANSACTION | |
| control field | 20201128023623.0 |
| 008 - FIXED-LENGTH DATA ELEMENTS--GENERAL INFORMATION | |
| fixed length control field | 130523t2014 njua frb 001 0 eng d |
| 020 ## - INTERNATIONAL STANDARD BOOK NUMBER | |
| International Standard Book Number | 9781118443965 (hardback) |
| 040 ## - CATALOGING SOURCE | |
| Original cataloging agency | StDuBDS |
| Language of cataloging | eng |
| Transcribing agency | StDuBDS |
| Modifying agency | Uk |
| -- | EG-ScBUE |
| -- | EG-ScBUE |
| 082 04 - DEWEY DECIMAL CLASSIFICATION NUMBER | |
| Classification number | 657.044 |
| Item number | KIE |
| Edition number | 22 |
| 100 1# - MAIN ENTRY--PERSONAL NAME | |
| Personal name | Kieso, Donald E. |
| 9 (RLIN) | 9035 |
| 245 10 - TITLE STATEMENT | |
| Title | Intermediate accounting / |
| Statement of responsibility, etc | Donald E. Kieso, Jerry J. Weygandt, Terry D. Warfield. |
| 250 ## - EDITION STATEMENT | |
| Edition statement | 2nd ed., IFRS ed. |
| 260 ## - PUBLICATION, DISTRIBUTION, ETC. (IMPRINT) | |
| Place of publication, distribution, etc | Hoboken : |
| Name of publisher, distributor, etc | John Wiley & Sons, |
| Date of publication, distribution, etc | c.2014. |
| 300 ## - PHYSICAL DESCRIPTION | |
| Extent | 1 v. (various pagings) : |
| Other physical details | ill. (col.) ; |
| Dimensions | 29 cm. |
| 500 ## - GENERAL NOTE | |
| General note | WileyPlus is a research-based, online environment for effective teaching and learning. |
| 504 ## - BIBLIOGRAPHY, ETC. NOTE | |
| Bibliography, etc | Includes bibliographical references and indexes. |
| 650 #7 - SUBJECT ADDED ENTRY--TOPICAL TERM | |
| Topical term or geographic name as entry element | Accounting. |
| Source of heading or term | BUEsh |
| 9 (RLIN) | 9036 |
| 651 ## - SUBJECT ADDED ENTRY--GEOGRAPHIC NAME | |
| Source of heading or term | BUEsh |
| 653 ## - INDEX TERM--UNCONTROLLED | |
| Resource For college | BAEPS, Business Administration |
| Arrived date list | November2015 |
| 653 ## - INDEX TERM--UNCONTROLLED | |
| Resource For college | BAEPS, Business Administration |
| Arrived date list | October2016 |
| 655 ## - INDEX TERM--GENRE/FORM | |
| Form subdivision | Text book |
| -- | 33728 |
| 700 1# - ADDED ENTRY--PERSONAL NAME | |
| Personal name | Weygandt, Jerry J. |
| 9 (RLIN) | 1078 |
| 700 1# - ADDED ENTRY--PERSONAL NAME | |
| Personal name | Warfield, Terry D. |
| 9 (RLIN) | 9037 |
| 942 ## - ADDED ENTRY ELEMENTS (KOHA) | |
| Source of classification or shelving scheme | Dewey Decimal Classification |
| Call number prefix | 657.044 KIE |
| Withdrawn status | Item status | Source of classification or shelving scheme | Damaged status | Not for loan | Vendor | Home library | Current library | Shelving location | Date acquired | Source of acquisition | Total Checkouts | Total Renewals | Full call number | Barcode | Date last seen | Date last borrowed | Koha item type | Cost, normal purchase price |
|---|---|---|---|---|---|---|---|---|---|---|---|---|---|---|---|---|---|---|
| Dewey Decimal Classification | Baccah | Central Library | Central Library | First floor | 22/11/2015 | Purchase | 8 | 48 | 657.044 KIE | 000031375 | 15/07/2025 | 04/11/2020 | Book - Borrowing | |||||
| Dewey Decimal Classification | Baccah | Central Library | Central Library | First floor | 09/10/2016 | Purchase | 5 | 15 | 657.044 KIE | 000033710 | 15/07/2025 | 04/11/2020 | Book - Borrowing | 450.00 | ||||
| Dewey Decimal Classification | Baccah | Central Library | Central Library | First floor | 09/10/2016 | Purchase | 7 | 17 | 657.044 KIE | 000033711 | 15/07/2025 | 08/11/2020 | Book - Borrowing | 450.00 | ||||
| Dewey Decimal Classification | Baccah | Central Library | Central Library | First floor | 09/10/2016 | Purchase | 5 | 26 | 657.044 KIE | 000033801 | 15/07/2025 | 08/11/2020 | Book - Borrowing | 450.00 | ||||
| Dewey Decimal Classification | Baccah | Central Library | Central Library | First floor | 09/10/2016 | Purchase | 1 | 1 | 657.044 KIE | 000033712 | 15/07/2025 | 16/11/2016 | NB - Book (Non borrowing) | 450.00 | ||||
| Dewey Decimal Classification | Baccah | Central Library | Central Library | First floor | 09/10/2016 | Purchase | 2 | 15 | 657.044 KIE | 000033713 | 15/07/2025 | 22/10/2016 | Book - Borrowing | 450.00 | ||||
| Dewey Decimal Classification | Baccah | Central Library | Central Library | First floor | 09/10/2016 | Purchase | 4 | 31 | 657.044 KIE | 000033714 | 15/07/2025 | 08/11/2020 | Book - Borrowing | 450.00 | ||||
| Dewey Decimal Classification | Baccah | Central Library | Central Library | First floor | 13/10/2016 | Purchase | 3 | 11 | 657.044 KIE | 000033715 | 15/07/2025 | 08/11/2020 | Book - Borrowing | 450.00 |